| 000 | 00684 a2200217 4500 | ||
|---|---|---|---|
| 020 | _a1562763105 | ||
| 040 |
_aDLC _bDLC |
||
| 082 | 0 | 0 | _a005.75/8 |
| 100 | 1 | _aSalemi, Joe. | |
| 245 | 1 | 0 |
_aGuide to client/server databases _cJoe Salemi. |
| 250 | _a2nd ed. | ||
| 260 |
_aEmeryville, Calif. : _bZiff-Davis Press, _cc1995. |
||
| 300 |
_axviii, 312 p. : _bill. ; _c24 cm. |
||
| 500 | _aRev. ed. of: PC magazine guide to client/server databases. c1993. | ||
| 500 | _aIncludes index. | ||
| 650 | 0 |
_aElectronic data processing _xDistributed processing. |
|
| 650 | 0 | _aDatabase management. | |
| 650 | 0 | _aClient/server computing. | |
| 700 | 1 | _aSalemi, Joe. | |
| 942 |
_cBK _k005.758 SAL _2ddc |
||
| 999 |
_c6568 _d6568 |
||